| 000 | 02202cam a2200601 4500 | ||
|---|---|---|---|
| 002 | 7003 | ||
| 008 | 041116n2004 000 0 eng u | ||
| 020 | _a1870325249 | ||
| 035 | _a(Sirsi) u127982 | ||
| 041 | _aeng | ||
| 050 |
_a624 _c18 |
||
| 100 | _aDoran, David | ||
| 245 | _aSite engineers manual | ||
| 260 |
_aLatheronwheel _bWhittles _c2004 |
||
| 300 |
_axii, 452p. _bill. _c24cm. |
||
| 350 | _a30.99 | ||
| 520 | _aProvides best practice guidance for engineers on site, covering all aspects of construction from receipt of materials to completion of the finished project. Chapters cover: quality management; working with the weather; construction plant; setting out; flexible roads and other paved areas; drains, sewers and services; earthworks and excavation; foundations; mastic asphalt; masonry; formwork, scaffolding, falsework and facade retention; reinforcement; concrete; structural steelwork; timber; exterior claddings and internal finishes; building engineering services; and health and safety in construction. Further reading. | ||
| 650 | _aCONSTRUCTION PROJECTS | ||
| 650 | _aSITE ENGINEER | ||
| 650 | _aQUALITY MANAGEMENT | ||
| 650 | _aPLANT AND MACHINERY | ||
| 650 | _aDRAINAGE | ||
| 650 | _aROAD SURFACES | ||
| 650 | _aEARTHWORKS | ||
| 650 | _aEXCAVATION | ||
| 650 | _aBUILT ENVIRONMENT-BUILDING ELEMENTS-COMPLETE BUILDING ELEMENTS-FOUNDATIONS | ||
| 650 | _aMASTIC ASPHALT | ||
| 650 | _aMASONRY | ||
| 650 | _aREINFORCEMENT | ||
| 650 | _aCONCRETE | ||
| 650 | _aSTRUCTURAL STEELWORK | ||
| 650 | _aFACADE RETENTION | ||
| 650 | _aTIMBER | ||
| 650 | _aCLADDINGS | ||
| 650 | _aCIVIL ENGINEERING | ||
| 650 | _aINTERNAL FINISHES | ||
| 650 | _aSCAFFOLDING | ||
| 650 |
_aHEALTH AND SAFETY _96244 |
||
| 690 | _aBUILDING AND CONSTRUCTION-ENGINEERING | ||
| 700 | _aArmstrong, John | ||
| 700 | _aBarnes, Brian | ||
| 700 | _aFullwood, John | ||
| 700 | _aHenderson, Neil | ||
| 700 | _aLangridge, Robert | ||
| 700 | _aJames, Malcolm | ||
| 700 | _aNewman, Paul | ||
| 700 | _aOakhill, Anthony | ||
| 700 | _aPallett, Peter | ||
| 700 | _aRichardson, Les | ||
| 700 | _aSheward, Martin | ||
| 700 | _aTomlinson, Michael | ||
| 942 | _n0 | ||
| 999 |
_c103847 _d103847 |
||